| 000 | 00553nam a2200193Ia 4500 | ||
|---|---|---|---|
| 005 | 20250508163833.0 | ||
| 008 | 008 250505s9999 xx 000 0 eng d | ||
| 037 | _aReference | ||
| 040 |
_aFEDL _beng _cFEDL |
||
| 041 |
_aeng _2eng |
||
| 084 |
_a001.4, SCO _qFEDL |
||
| 100 | _aScott David | ||
| 245 | 0 | _aResearching education: Data, methods and theory in educational enquiry | |
| 260 |
_aLondon, UK _bCassell _c1999 |
||
| 300 | _avi,179p | ||
| 700 |
_a Usher Robin _9776504 |
||
| 942 |
_cREF _h001.4, SCO |
||
| 999 |
_c1385530 _d1385530 |
||